| 000 | 00927cab a2200277 4500 | ||
|---|---|---|---|
| 001 | ABS50891 | ||
| 008 | 090401t1994 xxu||||| |||| 00| 0 eng d | ||
| 035 | _a(Sirsi) u212 | ||
| 041 | _aeng | ||
| 100 | _aHesselberg, J. | ||
| 245 | _aPrivity of contract: return of the abolition question | ||
| 260 | _c1994 | ||
| 350 | _a0 | ||
| 490 |
_aEstates Gazette _v(9423) 11 June 1994, 116-118(3) |
||
| 520 | _aAnalyses some differences between liabilities under existing landlord and tenant law and under the proposed Landlord and Tenant (Covenants) Bill, looking at the nine-month rule, authorised guarantee. | ||
| 650 | _aABOLITION | ||
| 650 | _aLANDLORD AND TENANT (COVENANTS) BILL | ||
| 650 | _aLANDLORD AND TENANT ACT 1954 PART II | ||
| 650 | _aLEASES | ||
| 650 | _aPRIVITY OF CONTRACT | ||
| 650 | _aREFORM | ||
| 690 | _aPROPERTY-LANDLORD AND TENANT | ||
| 700 | _aSilverman, M. | ||
| 942 | _n0 | ||
| 948 | _c04/03/1997 | ||
| 999 |
_c84 _d84 |
||